000 00871nas0a22002171i 4500
001 v19\rc\1225241
005 20260406194123.0
035 _a(NLR Aleph) 004386690
090 _a3697795
_c3697797
100 _a20060306b18781898|||y0rusy50 ca
101 0 _arus
102 _aRU
105 _ay z |||||
200 1 _aСборник Археологического института
210 _aСанкт-Петербург
_d1878-1898
710 0 2 _aПетербургский археологический инcтитут
_9410303
_3RU\NLR\AUTH\889957099
801 0 _aRU
_bNLR
_gpsbo
801 1 _aRU
_bProSoft-M
_2rusmarc
830 _aПеречень имеющихся в библиотеке томов, номеров, годов этого издания смотри в каталоге периодических изданий
852 _aNLR
_j2/1387
942 _cSE